Normal view
MARC view
Entry Personal Name
001 - CONTROL NUMBER
- control field: 164577
003 - CONTROL NUMBER IDENTIFIER
- control field: OSt
005 - DATE AND TIME OF LATEST TRANSACTION
- control field: 20220923220706.0
008 - FIXED-LENGTH DATA ELEMENTS
- fixed length control field: 220923|| aca||aabn | a|a d
040 ## - CATALOGING SOURCE
- Original cataloging agency: OSt
- Transcribing agency: OSt
100 ## - HEADING--PERSONAL NAME
- Personal name: बृहस्पति, कैलाश चन्द्र देव
670 ## - SOURCE DATA FOUND
- Source citation: Work cat.: (OSt)342078: बृहस्पति, कैलाश चन्द्र देव, मेघ का कवि, 1979
